000 00350nam a2200157Ia 4500
100 _aKrishna Kumar
650 _aGeneral
942 _cBK
654 _aLibrary
245 _aLibrary administration & Management
260 _bVikas Publishing House
_aNew Delhi
_c1987
082 _a25.1
_bKRI
300 _a200
546 _aENGLISH
999 _c28746
_d28746